| 000 | 00587nam a22002052 4500 | ||
|---|---|---|---|
| 001 | 0000003237 | ||
| 005 | 20151217151919.0 | ||
| 008 | 070502s xx 000 0 eng d | ||
| 020 | _a081291080X : | ||
| 040 |
_aKABU _cKABU |
||
| 050 | 0 |
_aDK29 _b.S55 |
|
| 100 | 1 |
_aShipler, David K. _@0000152982 |
|
| 245 | 1 | 0 |
_aRussia : _bbroken idols, solemn dreams. |
| 260 |
_aNew York : _bTime Books, _c1983. |
||
| 300 | _acii, 404 p. | ||
| 651 | 0 |
_aSoviet Union _xDescription and travel _y1970. _@0000152983 |
|
| 908 | _a070502 | ||
| 950 | _@1 | ||
| 999 |
_c6298 _d6298 |
||